Tamilinalli Kannadada Virashaiva kratigalu. (Record no. 114895)
[ view plain ]
| 000 -LEADER | |
|---|---|
| fixed length control field | 00683nam a2200205Ia 4500 |
| 003 - CONTROL NUMBER IDENTIFIER | |
| control field | OSt |
| 005 - DATE AND TIME OF LATEST TRANSACTION | |
| control field | 20251104161154.0 |
| 008 - FIXED-LENGTH DATA ELEMENTS--GENERAL INFORMATION | |
| fixed length control field | 210210b1999 xxu||||| |||| 00| 0 eng d |
| 040 ## - CATALOGING SOURCE | |
| Transcribing agency | AL |
| 041 ## - LANGUAGE CODE | |
| Language code of text/sound track or separate title | Kannada |
| 082 ## - DEWEY DECIMAL CLASSIFICATION NUMBER | |
| Classification number | K894.9 KULT |
| 100 ## - MAIN ENTRY--PERSONAL NAME | |
| Personal name | KULAKARNI (Pra V). |
| 9 (RLIN) | 204706 |
| Dates associated with a name | ಕುಲಕರ್ಣಿ (ಪ್ರ ವಿ) |
| 245 ## - TITLE STATEMENT | |
| Title | Tamilinalli Kannadada Virashaiva kratigalu. |
| Remainder of title | ತಮಿಳಿನಲ್ಲಿ ಕನ್ನಡದ ವೀರಶೈವ ಕೃತಿಗಳು |
| 260 ## - PUBLICATION, DISTRIBUTION, ETC. | |
| Place of publication, distribution, etc. | Madurai |
| Name of publisher, distributor, etc. | Prabhasa Bidugade |
| Date of publication, distribution, etc. | 1999 |
| 300 ## - PHYSICAL DESCRIPTION | |
| Extent | xiv,312 |
| 650 ## - SUBJECT ADDED ENTRY--TOPICAL TERM | |
| Topical term or geographic name entry element | Basava Purana Prabhulingalile |
| 9 (RLIN) | 204707 |
| 690 ## - LOCAL SUBJECT ADDED ENTRY--TOPICAL TERM (OCLC, RLIN) | |
| Topical term or geographic name as entry element | Kannada Criticism |
| 9 (RLIN) | 204708 |
| 906 ## - LOCAL DATA ELEMENT F, LDF (RLIN) | |
| a | SG04061 |
| 942 ## - ADDED ENTRY ELEMENTS (KOHA) | |
| Source of classification or shelving scheme | Dewey Decimal Classification |
| Koha item type | Special Grants |
| Withdrawn status | Lost status | Source of classification or shelving scheme | Damaged status | Not for loan | Collection code | Home library | Current library | Date acquired | Source of acquisition | Cost, normal purchase price | Total Checkouts | Full call number | Barcode | Date last seen | Price effective from | Koha item type |
|---|---|---|---|---|---|---|---|---|---|---|---|---|---|---|---|---|
| Dewey Decimal Classification | Kannada | St Aloysius Library | St Aloysius Library | 02/17/2021 | Bellichukki buk trast. | 0.00 | K894.9 KULT | SG04061 | 02/17/2021 | 02/17/2021 | Special Grants |